Famous Jesses - Statistics

General Stats
  • This quiz has been taken 118 times
    79 since last reset
  • The average score is 7 of 15
Answer Stats
Hint Answer % Correct
Olympian who stuck it to Hitler by winning 4 gold medals Jesse Owens
86%
Train robber who was shot in the back Jesse James
85%
Actor who starred as Mark Zuckerberg in "The Social Network" Jesse Eisenberg
65%
Actress who starred as Susan in "Fantastic Four" Jessica Alba
62%
Civil rights leader who was a Democratic presidential candidate in 1984 and 1988 Jesse Jackson
55%
Former governor of Minnesota and pro wrestler Jesse Ventura
54%
"7th Heaven" actress who married Justin Timberlake in 2012 Jessica Biel
48%
This singer "wanted to love you forever", but didn't know the difference between tuna and chicken Jessica Simpson
48%
Walter White's partner in crime from "Breaking Bad" Jesse Pinkman
46%
Marvel superheroine with the namesake of a Netflix show Jessica Jones
46%
"Zero Dark Thirty" star who won an Oscar for her film "The Eyes of Tammy Faye" Jessica Chastain
40%
She won an Oscar for her role in "Driving Miss Daisy" Jessica Tandy
38%
She sang Clean Bandit's "Rather Be" and Route 94's "My Love" Jess Glynne
25%
Actor who portrayed Mitchell Pritchett in "Modern Family" Jesse Tyler Ferguson
22%
Founder and namesake of the leading pharmacy retailer in the UK Jesse Boot
20%
No matching quizzes found
Score Distribution
Percent of People with Each Score
Percentile by Number Answered
Your Score History
You have not taken this quiz since the last reset